Combinatorial auctions
Saved in:
| Other Authors: | , , |
|---|---|
| Format: | Book |
| Language: | English |
| Published: |
Cambridge, Mass. :
MIT Press,
2010, c2006.
|
| Subjects: | |
| Tags: |
Add Tag
No Tags, Be the first to tag this record!
|
MARC
| LEADER | 00000cam a2200000 i 4500 | ||
|---|---|---|---|
| 001 | 1/11642 | ||
| 008 | 110120r20062010enk ||| | eng|| | ||
| 020 | |a 9780262514132 | ||
| 035 | |l 10109488 | ||
| 040 | |a GR-MyUA |b gre |e AACR2 | ||
| 041 | 0 | |a eng | |
| 082 | 0 | |a 381.17 |2 (22) | |
| 245 | 1 | 0 | |a Combinatorial auctions / |c edited by Peter Cramton, Yoav Shoham and Richard Steinberg. |
| 260 | |a Cambridge, Mass. : |b MIT Press, |c 2010, c2006. | ||
| 300 | |a xv, 649 σ. : |b εικ. ; |c 24 εκ. | ||
| 504 | |a Περιέχει βιβλιογραφικές αναφορές και ευρετήρια. | ||
| 650 | 0 | 0 | |a Auctions. |
| 700 | 1 | |a Cramton, Peter C. |e edt | |
| 700 | 1 | |a Shoham, Yoav, |e edt | |
| 700 | 1 | |a Steinberg, Richard, |e edt | |
| 852 | |a INST |b SAMOS |e 20110120 |h 381.17 COM |p 005300033047 |q 005300033047 |t BK |y 0 | ||
| 901 | |a BIBL3-2011-1 | ||
| 909 | |a Σ |b 166787 | ||
| 922 | |a 3ΕΛΗ |b 201011 |c ΤΜΠΕΣ |d ΜΙΧΑΛΟΠΟΥΛΟΣ | ||
| 970 | |a ΚΟΣΙΕΡΗΣ |b ΧΡΗΣΤΟΣ |z 2011/01/20 | ||